Nhập môn PP phần tử hữu hạn

Shranjeno v:
Bibliografske podrobnosti
Glavni avtor: Trần Đức trung
Format: Knjiga
Jezik:Vietnamese
Izdano: XD 2001
Oznake: Označite
Brez oznak, prvi označite!
Thư viện lưu trữ: Mạng thư viện Đại học Đà Nẵng
LEADER 00625nam a2200277 4500
001 000026663
003 725
005 20150325120000.0
008 150325s vm 000 vie
020 |c 20,0000 
040 |a NOTTS 
100 |a Trần Đức trung 
245 |a Nhập môn PP phần tử hữu hạn 
260 |b XD  |c 2001 
300 |a 133tr. ; 
OWN |a LTT 
999 |a From the UDN01 
TYP |a Monograph 
TYP |a Printed language 
980 |a Mạng thư viện Đại học Đà Nẵng